University administration in North-East India (Record no. 22505)

MARC details
000 -LEADER
fixed length control field 00432nam a2200145Ia 4500
082 ## - DEWEY DECIMAL CLASSIFICATION NUMBER
Classification number TG.0223
100 ## - MAIN ENTRY--AUTHOR NAME
Personal name Goswami, Dibya Hash
245 #0 - TITLE STATEMENT
Title University administration in North-East India
260 ## - PUBLICATION, DISTRIBUTION, ETC. (IMPRINT)
Year of publication 1979
Name of publisher Gauhati University
300 ## - PHYSICAL DESCRIPTION
Number of Pages 596, xip
650 ## - SUBJECT ADDED ENTRY--TOPICAL TERM
Topical Term UNIVERSITIES AND COLLEGES - ADMINISTRATION - INDIA, NORTH-EAST
650 ## - SUBJECT ADDED ENTRY--TOPICAL TERM
Topical Term EDUCATION, HIGHER - INDIA, NORTH-EAST
710 ## - ADDED ENTRY--CORPORATE NAME
Corporate name or jurisdiction name as entry element Venkata Rao, V.
942 ## - ADDED ENTRY ELEMENTS (KOHA)
Koha item type Thesis
Source of classification or shelving scheme Dewey Decimal Classification
Holdings
Withdrawn status Lost status Damaged status Not for loan Home library Current library Date acquired Full call number Accession Number Price effective from Koha item type
        NASSDOC Library NASSDOC Library 08/10/2004 TG.0223 13862 18/04/2019 Thesis